Kvapky z raja

Podrobná bibliografia
Hlavný autor: Augustinska, Daniela (Autor)
Médium: Článok
Jazyk:slovenčina
ISSN:1335-1281
Predmet:

MARC

LEADER 00000nab a2200000 ar4500
001 vtls009478154
003 SK-MaSNL
005 20260303044853.0
008 090227c2004 xo |||||| | ||00 b|slo
015 |a SNBRB2009/02  |2 snkbucl 
038 |a SNKBUCL 
040 |a SNKBUCL  |b slo  |c SNKBUCL  |e AACR2 
041 0 |a slo 
044 |a xo  |c SK 
080 |a 665.327.3  |2 2001 
100 1 |a Augustinska, Daniela  |4 aut  |9 266439 
245 1 0 |a Kvapky z raja  |c Daniela Augustinska 
650 0 7 |a olivy  |2 SNKPH  |9 221083 
650 0 7 |a olivový olej  |2 SNKPH  |9 51231 
773 0 |t Harmonia  |g Júl/august 2004, s. 96-97  |x 1335-1281 
852 |a SNK  |b KIS3GCP 
999 |c 1701802  |d 1703732